| 000 | 01492nam0a22003131 4500 | ||
|---|---|---|---|
| 001 | v19\rc\1969584 | ||
| 005 | 20230405090806.0 | ||
| 035 | _a(NLR Aleph) 005051853 | ||
| 090 |
_a6903049 _c6903049 |
||
| 100 | _a20080428d1914 u y0rusy50 ca | ||
| 101 | 0 |
_arus _ager |
|
| 102 | _aRU | ||
| 105 | _ay j ||||| | ||
| 200 | 1 |
_aНемецкая хрестоматия _fСост. П. Глезер, преп. Кадет. корпуса и лектор Демидов. юр. лицея в Ярославле |
|
| 205 | _a10-е изд. | ||
| 210 |
_aСанкт-Петербург _cглав. скл. в кн. маг. К.Л. Риккер _d1914 _gdruck von Metzger & Wittig in Leipzig |
||
| 215 |
_aVIII, 166, [4], 116 с. _d22 |
||
| 300 | _aЗагл. на рус. и нем. яз.; текст на нем. яз. | ||
| 327 | 0 | _aС. [4], 1-116: Словарь к немецкой хрестоматии П. Глезера, с отд. тит. л. | |
| 464 | 0 |
_12001#$aСловарь к немецкой хрестоматии П. Глезера _1215##$aС. [4], 1-116 _tСловарь к немецкой хрестоматии П. Глезера |
|
| 532 | 1 | 3 | _aНемецкая хрестоматия |
| 700 | 1 |
_4220 _7ca _8rus _aГлезер _bП. Р. _gПауль Рудольфович _92708395 _3RU\NLR\AUTH\770293416 |
|
| 801 | 0 |
_aRU _bNLR _gpsbo |
|
| 801 | 0 |
_aRU _bRuMoRGB _2psbo |
|
| 801 | 1 |
_aRU _bProSoft-M _2rusmarc |
|
| 852 |
_aNLR _j17.141.2.62 |
||
| 942 | _cBOOK | ||
| 980 | _aNB | ||